[Event "Chigorin Memorial"]
[Site "St Petersburg"]
[Date "2015.10.09"]
[Round "7.52"]
[White "Kuzmin, Egor"]
[Black "Chekhov, Sergei"]
[Result "1-0"]
[WhiteElo "2232"]
[BlackElo "2488"]
[PlyCount "49"]
[EventDate "2015.10.03"]
[EventRounds "9"]
[EventCountry "RUS"]

1. d4 Nf6 2. Nf3 e6 3. c4 b6 4. a3 Bb7 5. Nc3 Ne4 6. Nxe4 Bxe4 7. Nd2 Bg6 8. g3
Nc6 9. e3 e5 10. d5 Na5 11. Qe2 h5 12. h4 Bd6 13. Bg2 Qe7 14. c5 Bxc5 15. b4
Bxb4 16. axb4 Qxb4 17. O-O Qc3 18. Ra3 Qc2 19. e4 O-O 20. Bf3 Nb7 21. Bxh5 Nd6
22. Bxg6 fxg6 23. Qd3 Qxd3 24. Rxd3 a5 25. Bb2 1-0

[Event "Chigorin Memorial"]
[Site "St Petersburg"]
[Date "2015.10.09"]
[Round "7.53"]
[White "Arslanov, Shamil"]
[Black "Orlov, Konstantin"]
[Result "1-0"]
[WhiteElo "2416"]
[BlackElo "2222"]
[PlyCount "79"]
[EventDate "2015.10.03"]
[EventRounds "9"]
[EventCountry "RUS"]

1. d4 Nf6 2. c4 e6 3. Nc3 d5 4. cxd5 exd5 5. Bg5 Be7 6. e3 O-O 7. Bd3 Re8 8.
Qc2 c5 9. Nge2 h6 10. Bxf6 Bxf6 11. dxc5 d4 12. Ne4 Nc6 13. Nxf6+ Qxf6 14. e4
Nb4 15. Qd2 Nxd3+ 16. Qxd3 b6 17. cxb6 axb6 18. f3 Qg5 19. Qxd4 Ba6 20. Nc3
Rad8 21. Qf2 Rd3 22. f4 Qd8 23. O-O Rxc3 24. bxc3 Bxf1 25. Rxf1 Rxe4 26. h3 Qf6
27. Qd2 Qe7 28. Rf3 h5 29. Kh1 Qe6 30. Rd3 g6 31. Rd4 h4 32. Rxe4 Qxe4 33. Qd8+
Kg7 34. Qd4+ Qxd4 35. cxd4 Kf6 36. Kg1 Kf5 37. d5 f6 38. g4+ hxg3 39. h4 b5 40.
Kg2 1-0

[Event "Chigorin Memorial"]
[Site "St Petersburg"]
[Date "2015.10.09"]
[Round "7.54"]
[White "Chashchev, Sergey"]
[Black "Mesnyankin, Nikita"]
[Result "1-0"]
[WhiteElo "2377"]
[BlackElo "2218"]
[PlyCount "63"]
[EventDate "2015.10.03"]
[EventRounds "9"]
[EventCountry "RUS"]

1. Nf3 d5 2. g3 Nf6 3. Bg2 Bf5 4. c4 e6 5. O-O c6 6. b3 Be7 7. Bb2 O-O 8. d3 h6
9. Nbd2 Nbd7 10. Rc1 a5 11. a3 Qb6 12. Rc2 Rad8 13. Qa1 Rfe8 14. Bc3 Bf8 15. b4
axb4 16. axb4 Bxb4 17. Bxb4 Qxb4 18. Rb2 Qd6 19. Rxb7 e5 20. cxd5 cxd5 21. Ra7
Bh7 22. Rd1 Rc8 23. e4 Qe6 24. exd5 Nxd5 25. Ne4 N7f6 26. Ra6 Rc6 27. Rxc6 Qxc6
28. Nxe5 Qe6 29. Nc4 Nxe4 30. dxe4 Nb4 31. Qa4 Nc6 32. Rd6 1-0

[Event "Chigorin Memorial"]
[Site "St Petersburg"]
[Date "2015.10.09"]
[Round "7.55"]
[White "Salman, Pavel"]
[Black "Yanchenko, Roman"]
[Result "0-1"]
[WhiteElo "2183"]
[BlackElo "2370"]
[PlyCount "126"]
[EventDate "2015.10.03"]
[EventRounds "9"]
[EventCountry "RUS"]

1. d4 Nf6 2. c4 g6 3. Nc3 Bg7 4. e4 d6 5. Nf3 O-O 6. Be2 e5 7. O-O Nc6 8. d5
Ne7 9. Ne1 Nd7 10. Nd3 f5 11. Bd2 Nf6 12. f3 c6 13. b4 b5 14. Nf2 bxc4 15. Bxc4
cxd5 16. Nxd5 Nexd5 17. Bg5 Kh8 18. Bxd5 Rb8 19. Qb3 f4 20. Rac1 h6 21. Bxf6
Bxf6 22. Kh1 Bh4 23. a4 Bd7 24. Nd3 Qe8 25. b5 g5 26. Rc7 Bg3 27. Rxd7 Qxd7 28.
hxg3 fxg3 29. Be6 Qe8 30. Bg4 h5 31. Bf5 Qd8 32. Qe6 Rf6 33. Qd7 Qxd7 34. Bxd7
Rf7 35. Be6 Rc7 36. Rc1 Rxc1+ 37. Nxc1 a6 38. Bd5 axb5 39. a5 Rc8 40. Ne2 Rc7
41. Nxg3 Ra7 42. Nf5 Rxa5 43. Nxd6 Kg7 44. Kh2 Kf6 45. Nb7 Ra3 46. Nc5 Ke7 47.
Nb3 b4 48. Kg3 Ra7 49. Nc1 Ra3 50. Nb3 Kf6 51. Nc5 g4 52. Nd7+ Kg5 53. Nxe5 h4+
54. Kf2 g3+ 55. Ke2 Ra1 56. f4+ Kxf4 57. Nd3+ Kg5 58. Ne1 Kf6 59. Nf3 Rh1 60.
Kd3 h3 61. gxh3 g2 62. Kc4 Rf1 63. e5+ Ke7 0-1

[Event "Chigorin Memorial"]
[Site "St Petersburg"]
[Date "2015.10.09"]
[Round "7.56"]
[White "Derakhshani, Borna"]
[Black "Gubajdullin, Alexei"]
[Result "0-1"]
[WhiteElo "2186"]
[BlackElo "2359"]
[PlyCount "82"]
[EventDate "2015.10.03"]
[EventRounds "9"]
[EventCountry "RUS"]

1. e4 d6 2. d4 g6 3. Nf3 Bg7 4. Bc4 Nf6 5. Nc3 O-O 6. h3 Nxe4 7. Nxe4 d5 8.
Ned2 dxc4 9. Nxc4 c5 10. dxc5 Qc7 11. Be3 Na6 12. O-O b5 13. Na3 Bd7 14. c3
Rab8 15. Bf4 Qxf4 16. Qxd7 b4 17. Nc2 bxc3 18. bxc3 Qe4 19. Ncd4 Rb7 20. Qa4
Nxc5 21. Qc4 Rc8 22. Ng5 Qf4 23. h4 e5 24. g3 Qg4 25. Rab1 Rd7 26. Rb5 Bf8 27.
Qe2 Rxd4 28. Qxe5 Rd1 29. Rxd1 Qxd1+ 30. Kh2 Qd7 31. c4 h6 32. Nh3 Re8 33. Qd5
Qxd5 34. cxd5 Re2 35. Ra5 a6 36. Kg2 Rd2 37. Nf4 Bd6 38. Kf3 Rc2 39. Ne2 Kf8
40. Nd4 Rc3+ 41. Ke2 Bc7 0-1

[Event "Chigorin Memorial"]
[Site "St Petersburg"]
[Date "2015.10.09"]
[Round "7.57"]
[White "Shevchenko, Kirill"]
[Black "Ivlev, Aleksey"]
[Result "1/2-1/2"]
[WhiteElo "2359"]
[BlackElo "2215"]
[PlyCount "119"]
[EventDate "2015.10.03"]
[EventRounds "9"]
[EventCountry "RUS"]

1. e4 e5 2. Nf3 Nc6 3. Bb5 a6 4. Ba4 Nf6 5. O-O b5 6. Bb3 Be7 7. d3 d6 8. a3
O-O 9. Nc3 Na5 10. Ba2 Be6 11. Bxe6 fxe6 12. b4 Nc6 13. Bd2 d5 14. Re1 Qd6 15.
Qe2 Nd7 16. Na2 Bf6 17. Reb1 Nd4 18. Nxd4 exd4 19. Re1 Rfe8 20. Nc1 dxe4 21.
Qxe4 c5 22. Ne2 Rac8 23. Ng3 c4 24. Qg4 e5 25. Ne4 Qe6 26. Qg3 a5 27. bxa5 c3
28. Bc1 Nc5 29. Nxc5 Rxc5 30. Qf3 Qa6 31. Rb1 Qxa5 32. Qb7 h6 33. Re4 Kh7 34.
Qd7 Qd8 35. Qg4 Qc8 36. Qh5 Qe6 37. Rb3 Rf8 38. h3 Qf7 39. Qf5+ g6 40. Qf3 Bg7
41. Qe2 Rd5 42. Rg4 h5 43. Rg3 e4 44. dxe4 d3 45. cxd3 Rxd3 46. Qxd3 Qxb3 47.
e5 Qe6 48. f4 Qb6+ 49. Kh2 Bh6 50. Qd7+ Kh8 51. Be3 Qxe3 52. Rxe3 Bxf4+ 53. Kh1
Bxe3 54. Qd3 c2 55. Qxc2 Rf1+ 56. Kh2 h4 57. Qc8+ Kh7 58. Qb7+ Kh6 59. g4 Rf2+
60. Kh1 1/2-1/2

[Event "Chigorin Memorial"]
[Site "St Petersburg"]
[Date "2015.10.09"]
[Round "7.58"]
[White "Reshetnikov, Ruslan"]
[Black "Nigmatov, Ortik"]
[Result "0-1"]
[WhiteElo "2178"]
[BlackElo "2330"]
[PlyCount "68"]
[EventDate "2015.10.03"]
[EventRounds "9"]
[EventCountry "RUS"]

1. d4 Nf6 2. c4 d6 3. Nf3 Nbd7 4. Nc3 e5 5. e4 g6 6. Be2 Bg7 7. O-O O-O 8. Be3
Re8 9. d5 Nh5 10. g3 Bf8 11. Ne1 Ng7 12. Nd3 f5 13. b4 Nf6 14. f3 fxe4 15. fxe4
Bh3 16. Re1 a5 17. a3 axb4 18. axb4 Rxa1 19. Qxa1 Ng4 20. Bxg4 Bxg4 21. c5 Be7
22. Qa7 Rf8 23. cxd6 cxd6 24. Qxb7 Bg5 25. Qa7 Qc8 26. Bxg5 Qxc3 27. Bh6 Rf7
28. Qb8+ Rf8 29. Qa7 Rf7 30. Qb8+ Bc8 31. Be3 Rf8 32. Qb5 Bh3 33. Qa6 Ne8 34.
Rc1 Nc7 0-1

[Event "Chigorin Memorial"]
[Site "St Petersburg"]
[Date "2015.10.09"]
[Round "7.59"]
[White "Nechaev, Oleg"]
[Black "Evdokimov, Alexey"]
[Result "1/2-1/2"]
[WhiteElo "2330"]
[BlackElo "2193"]
[PlyCount "156"]
[EventDate "2015.10.03"]
[EventRounds "9"]
[EventCountry "RUS"]

1. d4 Nf6 2. c4 g6 3. Nc3 Bg7 4. e4 O-O 5. f3 c5 6. Nge2 d6 7. Be3 cxd4 8. Nxd4
Nc6 9. Be2 Nxd4 10. Bxd4 Be6 11. O-O Qa5 12. Rc1 Rfc8 13. b3 a6 14. f4 Re8 15.
a3 Rac8 16. f5 Bd7 17. b4 Qd8 18. g4 h6 19. h4 e5 20. Bf2 Bc6 21. Bf3 gxf5 22.
gxf5 b5 23. cxb5 axb5 24. Kh1 Kh7 25. Qb3 Qd7 26. Rcd1 Qb7 27. Qb1 Bd7 28. Nd5
Nxd5 29. Rxd5 Rc3 30. Bg2 Rg8 31. Rxd6 Bf8 32. Rb6 Qa8 33. Rf6 Rg7 34. Qe1 Qxa3
35. Kh2 Qb2 36. Qd1 Be7 37. Rxf7 Rxf7 38. Qxd7 Qa2 39. Qxb5 Rc2 40. Qb6 Bf6 41.
Kg1 Rb2 42. Qd6 Qc4 43. Rd1 Qe2 44. Rf1 Rg7 45. Qxf6 Qg4 46. Qxg7+ Kxg7 47. Kh2
Kf7 48. b5 Rxb5 49. Bg3 Rb2 50. Rf2 Rb3 51. Bxe5 Qxh4+ 52. Kg1 Qg4 53. Ra2 Rb7
54. Kf2 h5 55. Bf3 Qh3 56. Ra6 Rb3 57. Ra7+ Ke8 58. Ra8+ Kd7 59. Ra7+ Kc6 60.
Rc7+ Kb6 61. Rc3 Qh4+ 62. Ke2 Rb2+ 63. Kd3 Rb4 64. Bd4+ Kb5 65. Rc5+ Ka4 66.
Bd1+ Rb3+ 67. Rc3 Qg3+ 68. Kc4 Qc7+ 69. Kd5 Qd7+ 70. Ke5 Qe7+ 71. Kf4 Qh4+ 72.
Ke5 Qe7+ 73. Kf4 Qh4+ 74. Ke5 Qe7+ 75. Kd5 Qd7+ 76. Kc5 Qc7+ 77. Kd5 Qd7+ 78.
Ke5 Qe7+ 1/2-1/2

[Event "Chigorin Memorial"]
[Site "St Petersburg"]
[Date "2015.10.09"]
[Round "7.60"]
[White "Pyatin, Alexander"]
[Black "Sichinava, Zviad"]
[Result "1-0"]
[WhiteElo "2175"]
[BlackElo "2329"]
[PlyCount "49"]
[EventDate "2015.10.03"]
[EventRounds "9"]
[EventCountry "RUS"]

1. e4 c5 2. Nf3 Nc6 3. d4 cxd4 4. Nxd4 g6 5. c4 Bg7 6. Be3 Nf6 7. Nc3 O-O 8.
Be2 d6 9. O-O Bd7 10. Nc2 Rc8 11. f3 Be6 12. Qd2 a6 13. b3 Nd7 14. Rac1 Qa5 15.
b4 Qd8 16. Nd5 f5 17. b5 Nce5 18. Nd4 Nc5 19. Nxe6 Nxe6 20. Nb6 Rc7 21. Qd5 Rf6
22. f4 Nd7 23. e5 dxe5 24. fxe5 Nxb6 25. Qxd8+ 1-0

[Event "Chigorin Memorial"]
[Site "St Petersburg"]
[Date "2015.10.09"]
[Round "7.61"]
[White "Biriukov, Oleg V"]
[Black "Tugarin, Anton"]
[Result "0-1"]
[WhiteElo "2323"]
[BlackElo "2177"]
[PlyCount "42"]
[EventDate "2015.10.03"]
[EventRounds "9"]
[EventCountry "RUS"]

1. c4 c5 2. Nf3 Nc6 3. d4 cxd4 4. Nxd4 g6 5. e4 Bg7 6. Be3 Nf6 7. Nc3 Ng4 8.
Qxg4 Nxd4 9. Qd1 Ne6 10. Rc1 Qa5 11. Bd3 d6 12. O-O Bd7 13. a3 g5 14. Qb3 Bc6
15. Qa2 Qe5 16. b4 b6 17. a4 Bb7 18. a5 O-O 19. axb6 axb6 20. Qb1 Nf4 21. Bxb6
Ra3 0-1

[Event "Chigorin Memorial"]
[Site "St Petersburg"]
[Date "2015.10.09"]
[Round "7.62"]
[White "Danielyan, Vahe"]
[Black "Sedina, Elena"]
[Result "1/2-1/2"]
[WhiteElo "2151"]
[BlackElo "2322"]
[PlyCount "73"]
[EventDate "2015.10.03"]
[EventRounds "9"]
[EventCountry "RUS"]

1. e4 e6 2. d4 d5 3. Nc3 Nf6 4. Bg5 Be7 5. e5 Nfd7 6. h4 h6 7. Bxe7 Qxe7 8. Qg4
O-O 9. O-O-O c5 10. f4 Nc6 11. Nf3 a6 12. f5 exf5 13. Qg3 Nb6 14. Ne2 Nxd4 15.
Nf4 Ne6 16. Nh5 Kh8 17. Ng5 f4 18. Nxf4 Nxf4 19. Qxf4 f6 20. Nf3 fxe5 21. Nxe5
Rxf4 22. Ng6+ Kh7 23. Nxe7 Bf5 24. Nxd5 Nxd5 25. Rxd5 Be4 26. g3 Bf3 27. Rh2
Re4 28. Bg2 Bxg2 29. Rxg2 h5 30. Rd1 Rae8 31. a4 b5 32. Rd6 R8e6 33. Rxe6 Rxe6
34. Rf2 Re5 35. Kd2 bxa4 36. Rf4 a3 37. bxa3 1/2-1/2

[Event "Chigorin Memorial"]
[Site "St Petersburg"]
[Date "2015.10.09"]
[Round "7.63"]
[White "Gurvich, Vitaly"]
[Black "Shubin, Kirill"]
[Result "1-0"]
[WhiteElo "2315"]
[BlackElo "2176"]
[PlyCount "73"]
[EventDate "2015.10.03"]
[EventRounds "9"]
[EventCountry "RUS"]

1. Nf3 Nf6 2. c4 e6 3. Nc3 c5 4. g3 Nc6 5. Bg2 d6 6. O-O Be7 7. d4 O-O 8. b3
Bd7 9. Bb2 a6 10. Rc1 Qc7 11. e3 h6 12. Qe2 Rfb8 13. Rfd1 Qa5 14. d5 Nd8 15.
dxe6 fxe6 16. Nh4 Be8 17. Qd3 Nc6 18. Ng6 Bxg6 19. Qxg6 Ne5 20. Qc2 Qc7 21. f4
Ned7 22. Qe2 Re8 23. g4 Bd8 24. h3 e5 25. Qd3 Nb6 26. g5 hxg5 27. fxg5 Nh7 28.
h4 Qd7 29. Qe4 Rb8 30. Ne2 Nf8 31. Bc3 Nc8 32. Rf1 Ne7 33. Ng3 b5 34. Rcd1 Qe6
35. Rf2 Bc7 36. Kh2 Nd7 37. Bh3 1-0

[Event "Chigorin Memorial"]
[Site "St Petersburg"]
[Date "2015.10.09"]
[Round "7.64"]
[White "Palchun, Grigory"]
[Black "Galaktionov, Artem"]
[Result "1/2-1/2"]
[WhiteElo "2315"]
[BlackElo "2174"]
[PlyCount "122"]
[EventDate "2015.10.03"]
[EventRounds "9"]
[EventCountry "RUS"]

1. e4 c6 2. d4 d5 3. exd5 cxd5 4. c4 Nf6 5. Nc3 Nc6 6. Bg5 Be6 7. a3 g6 8. Bxf6
exf6 9. cxd5 Bxd5 10. Qe2+ Ne7 11. Nxd5 Qxd5 12. Qb5+ Kd8 13. Qxd5+ Nxd5 14.
Bc4 Nf4 15. g3 Ne6 16. Nf3 Rc8 17. Bb3 Bg7 18. O-O Kd7 19. Rfe1 Bh6 20. Kg2 Rc7
21. Rad1 Kd6 22. Ng1 b5 23. Ne2 b4 24. axb4 Rb8 25. d5 Nf8 26. Nc3 f5 27. Ba4
Rcb7 28. b5 Nd7 29. g4 Nc5 30. Bc2 Bg7 31. gxf5 Bxc3 32. bxc3 Rxb5 33. fxg6
hxg6 34. Re3 Rb2 35. Bd3 R8b3 36. Bc4 Rb7 37. Ra1 Rc7 38. Re8 Nd7 39. Bf1 Rxc3
40. Rxa7 Rcb3 41. Rd8 Rb7 42. Rxb7 Rxb7 43. Ba6 Ke7 44. Bxb7 Kxd8 45. Kf3 Ne5+
46. Kf4 f6 47. Ba6 Ke7 48. Bf1 Kd6 49. Bg2 Nd3+ 50. Ke3 Ne5 51. h3 Nc4+ 52. Kd4
Nb6 53. h4 f5 54. Bf3 Nd7 55. Bd1 Nf6 56. Bb3 Ne4 57. f3 Nf6 58. Bc4 Nd7 59.
Bb5 Ne5 60. Be2 Nd7 61. Bd3 Nf6 1/2-1/2

[Event "Chigorin Memorial"]
[Site "St Petersburg"]
[Date "2015.10.09"]
[Round "7.65"]
[White "Zhurikhin, Alexander"]
[Black "Borisovsky, Dmitry"]
[Result "1/2-1/2"]
[WhiteElo "2309"]
[BlackElo "2169"]
[PlyCount "162"]
[EventDate "2015.10.03"]
[EventRounds "9"]
[EventCountry "RUS"]

1. Nf3 Nf6 2. g3 c5 3. Bg2 Nc6 4. O-O d5 5. d4 cxd4 6. Nxd4 Qb6 7. Nxc6 bxc6 8.
c4 e6 9. Nc3 Be7 10. cxd5 exd5 11. e4 dxe4 12. Nxe4 Nd5 13. Bg5 Bxg5 14. Nxg5
O-O 15. Qc2 g6 16. Rac1 Bd7 17. Rfd1 Rab8 18. b3 Rfd8 19. Ne4 Bf5 20. Qxc6 Qxc6
21. Rxc6 Nb4 22. Rcd6 Rxd6 23. Nxd6 Be6 24. Ne4 Nxa2 25. Nc5 Bf5 26. Bb7 Nb4
27. g4 Nd3 28. gxf5 Nxc5 29. Bd5 gxf5 30. Rc1 Ne6 31. Ra1 Nf4 32. Bc4 Rb7 33.
Ra5 Ne6 34. Rxf5 Kg7 35. Rd5 h6 36. Kf1 Kf6 37. Ke1 Nf4 38. Ra5 Rd7 39. f3 Nd3+
40. Ke2 Ne5 41. Bd5 Ng6 42. Ke3 Ne7 43. Bc4 Nc8 44. Kf4 Rc7 45. Ra6+ Nb6 46.
Ra5 Nc8 47. b4 Nd6 48. Ra6 Ke7 49. Bd5 Rd7 50. Ke5 f6+ 51. Kf4 Rc7 52. Kg4 f5+
53. Kh5 Rc2 54. Rxa7+ Kf6 55. Ra2 Rc3 56. Re2 Ne4 57. Bxe4 fxe4 58. fxe4 Rh3+
59. Kg4 Rb3 60. e5+ Ke6 61. Re4 h5+ 62. Kg5 Rh3 63. Re2 Rb3 64. Re4 Rh3 65. Rh4
Re3 66. Rxh5 Rxe5+ 67. Kg6 Re2 68. h4 Re4 69. b5 Rg4+ 70. Kh7 Kf6 71. b6 Rb4
72. Rh6+ Kf7 73. Kh8 Rg4 74. Rh7+ Kf8 75. Rh5 Kf7 76. Rf5+ Ke6 77. Rb5 Rxh4+
78. Kg7 Rg4+ 79. Kf8 Rf4+ 80. Kg7 Rg4+ 81. Kh7 Rh4+ 1/2-1/2

[Event "Chigorin Memorial"]
[Site "St Petersburg"]
[Date "2015.10.09"]
[Round "7.66"]
[White "Semiev, Suhrab"]
[Black "Azimov, Ilyas"]
[Result "0-1"]
[WhiteElo "2306"]
[BlackElo "2140"]
[PlyCount "102"]
[EventDate "2015.10.03"]
[EventRounds "9"]
[EventCountry "RUS"]

1. d4 Nf6 2. g3 d5 3. Bg2 Bf5 4. Nf3 e6 5. O-O h6 6. c4 c6 7. b3 Nbd7 8. Bb2
Bd6 9. Nc3 O-O 10. Ne1 Qe7 11. a3 Ne4 12. Nxe4 dxe4 13. Nc2 Rad8 14. Qc1 e5 15.
d5 Bh7 16. dxc6 bxc6 17. b4 f5 18. c5 Bc7 19. Ne3 Nf6 20. Nd1 f4 21. Nc3 Qe6
22. gxf4 exf4 23. f3 e3 24. Rd1 Bf5 25. Kh1 Rxd1+ 26. Nxd1 Rd8 27. Bc3 Rd5 28.
Nb2 Nh5 29. Qf1 Qg6 30. Kg1 Bh3 31. Nd3 Bxg2 32. Qxg2 Rg5 33. Qxg5 Qxg5+ 34.
Kh1 Qh4 35. Kg2 Nf6 36. a4 Nd5 37. Be1 Qg5+ 38. Kf1 Qf6 39. Rb1 a6 40. b5 cxb5
41. axb5 axb5 42. Rxb5 Ne7 43. Rb7 Qc6 44. Ra7 g5 45. h3 h5 46. Bc3 Nf5 47. Ba5
Bxa5 48. Rxa5 Ng3+ 49. Ke1 Qb7 50. Ra1 g4 51. hxg4 hxg4 0-1

[Event "Chigorin Memorial"]
[Site "St Petersburg"]
[Date "2015.10.09"]
[Round "7.67"]
[White "Pimenov, Valeri"]
[Black "Gogolev, Artem"]
[Result "0-1"]
[WhiteElo "2171"]
[BlackElo "2306"]
[PlyCount "74"]
[EventDate "2015.10.03"]
[EventRounds "9"]
[EventCountry "RUS"]

1. e4 c6 2. d4 d5 3. exd5 cxd5 4. c4 Nf6 5. Nc3 Nc6 6. Bg5 Be6 7. c5 g6 8. Nf3
Bg7 9. Be2 O-O 10. O-O Ne4 11. Be3 Nxc5 12. dxc5 d4 13. Nxd4 Nxd4 14. Bf3 Rb8
15. Bf4 Rc8 16. Bxb7 Rxc5 17. Re1 Qd7 18. Be4 Rd8 19. Qa4 Qxa4 20. Nxa4 Rc4 21.
Nc3 Nc2 22. Bxc2 Rxf4 23. Rad1 Rb8 24. Bb3 Bxb3 25. axb3 e6 26. Rd7 Rxb3 27. g3
Rf5 28. Ra1 Rxb2 29. Rd8+ Bf8 30. Rxa7 Kg7 31. Ne4 Rb4 32. Nd6 Bxd6 33. Rxd6
Rb1+ 34. Kg2 Rb2 35. Rxe6 Rfxf2+ 36. Kg1 Rg2+ 37. Kf1 Rxh2 0-1

[Event "Chigorin Memorial"]
[Site "St Petersburg"]
[Date "2015.10.09"]
[Round "7.68"]
[White "Protopopova, Anastasiya"]
[Black "Chekletsov, Ilya"]
[Result "0-1"]
[WhiteElo "2102"]
[BlackElo "2299"]
[PlyCount "52"]
[EventDate "2015.10.03"]
[EventRounds "9"]
[EventCountry "RUS"]

1. Nf3 Nf6 2. c4 b6 3. g3 Bb7 4. Bg2 e6 5. O-O Be7 6. Nc3 O-O 7. Re1 Ne4 8.
Nxe4 Bxe4 9. d3 Bb7 10. e4 d5 11. Qe2 Re8 12. Bd2 Nd7 13. cxd5 exd5 14. e5 c5
15. d4 Nf8 16. Be3 Ne6 17. Rac1 Qd7 18. Bh3 Rac8 19. Rc2 Rc7 20. Rec1 Nxd4 21.
Nxd4 Qxh3 22. f3 Rd7 23. e6 fxe6 24. Qb5 e5 25. Nc6 Bf6 26. Bf2 Qe6 0-1

[Event "Chigorin Memorial"]
[Site "St Petersburg"]
[Date "2015.10.09"]
[Round "7.69"]
[White "Rjabzev, Konstantin"]
[Black "Derli, Olga"]
[Result "1-0"]
[WhiteElo "2298"]
[BlackElo "2131"]
[PlyCount "85"]
[EventDate "2015.10.03"]
[EventRounds "9"]
[EventCountry "RUS"]

1. e4 c5 2. Nf3 d6 3. Bb5+ Nd7 4. c3 Ngf6 5. Qe2 e5 6. O-O Be7 7. Rd1 a6 8.
Bxd7+ Bxd7 9. d4 Qc7 10. dxe5 dxe5 11. Bg5 c4 12. Nbd2 b5 13. Bxf6 Bxf6 14. Nf1
Bc6 15. Ne1 O-O 16. f3 Bg5 17. Nc2 f5 18. exf5 Rxf5 19. Ng3 Rf4 20. Nb4 Bb7 21.
Nd5 Qc5+ 22. Qf2 Qxf2+ 23. Kxf2 Rf7 24. Ne4 Bh4+ 25. Ke3 Bd8 26. b3 Rc8 27. Nd6
Bxd5 28. Nxc8 Bg5+ 29. Ke2 Be6 30. Nd6 Rc7 31. b4 h5 32. a4 bxa4 33. Rxa4 Rc6
34. Ne4 Be7 35. Ra5 Kf7 36. Rxe5 g6 37. Ra5 Bf5 38. Rda1 Bxe4 39. fxe4 Rd6 40.
Rd1 Re6 41. Rd4 Rc6 42. Rd7 Re6 43. e5 1-0

[Event "Chigorin Memorial"]
[Site "St Petersburg"]
[Date "2015.10.09"]
[Round "7.70"]
[White "Khusenkhojaev, Mustafokhuja"]
[Black "Tarasov, Alexandr"]
[Result "0-1"]
[WhiteElo "2092"]
[BlackElo "2297"]
[PlyCount "90"]
[EventDate "2015.10.03"]
[EventRounds "9"]
[EventCountry "RUS"]

1. d4 e6 2. Nf3 c5 3. c4 cxd4 4. Nxd4 Nf6 5. g3 a6 6. Bg2 Qc7 7. b3 Bb4+ 8. Bd2
Be7 9. O-O O-O 10. e4 Nc6 11. Be3 Nxd4 12. Bxd4 e5 13. Bb2 b5 14. cxb5 axb5 15.
Nc3 b4 16. Nd5 Nxd5 17. Qxd5 Ra5 18. Rfc1 Qa7 19. Qd2 Re8 20. Bf1 h6 21. h4 Qb6
22. Rc2 Bc5 23. a4 Qg6 24. Bg2 d6 25. Qd3 Ba6 26. Qf3 Bc8 27. Qd3 Rf8 28. Bc1
Ba6 29. Qf3 Bc8 30. Qd3 Ba6 31. Qf3 Qe6 32. Kh2 Bc8 33. Rb1 f5 34. Bh3 Qg6 35.
exf5 Bxf5 36. Bxf5 Rxf5 37. Qd5+ Kh7 38. Be3 Bxe3 39. Qxa5 Bxf2 40. Rg1 Bxg1+
41. Kg2 Bc5 42. Qb5 Qg4 43. Qd3 e4 44. Qd1 Qxd1 45. Rd2 Qxd2+ 0-1

[Event "Chigorin Memorial"]
[Site "St Petersburg"]
[Date "2015.10.09"]
[Round "7.71"]
[White "Trapeznikova, Darya"]
[Black "Elistratov, Semen"]
[Result "0-1"]
[WhiteElo "2092"]
[BlackElo "2283"]
[PlyCount "72"]
[EventDate "2015.10.03"]
[EventRounds "9"]
[EventCountry "RUS"]

1. d4 Nf6 2. c4 e6 3. Nc3 Bb4 4. e3 O-O 5. Nge2 d5 6. a3 Bd6 7. Ng3 c5 8. dxc5
Bxc5 9. b4 Bd6 10. Bb2 a5 11. c5 Be7 12. Qb3 axb4 13. axb4 Rxa1+ 14. Bxa1 Nc6
15. Na4 d4 16. Bc4 dxe3 17. fxe3 Ng4 18. Nh5 Nf6 19. Nxf6+ Bxf6 20. O-O Bxa1
21. Rxa1 e5 22. Nb6 Bg4 23. b5 Nd4 24. Qb2 Nf5 25. h3 Bxh3 26. Qxe5 Bg4 27. Ra8
Qd1+ 28. Kh2 Rxa8 29. Nxa8 Qd8 30. Nb6 h5 31. Qd5 Qc7+ 32. Kg1 Nxe3 33. Qxf7+
Qxf7 34. Bxf7+ Kxf7 35. c6 bxc6 36. bxc6 Nf5 0-1

[Event "Chigorin Memorial"]
[Site "St Petersburg"]
[Date "2015.10.09"]
[Round "7.72"]
[White "Pogorelskikh, Sergey"]
[Black "Nasibullin, Iskander"]
[Result "1-0"]
[WhiteElo "2272"]
[BlackElo "2075"]
[PlyCount "63"]
[EventDate "2015.10.03"]
[EventRounds "9"]
[EventCountry "RUS"]

1. e4 e6 2. d3 d5 3. Nd2 c5 4. Ngf3 Nc6 5. g3 Nge7 6. Bg2 g6 7. O-O Bg7 8. h4
O-O 9. Re1 b6 10. e5 Qc7 11. Qe2 Ba6 12. c3 Rad8 13. Nf1 d4 14. c4 b5 15. b3
Nb4 16. a3 Nbc6 17. N1h2 Na5 18. Rb1 Rb8 19. Bg5 Nec6 20. Ng4 Nxb3 21. Rxb3 Na5
22. cxb5 Nxb3 23. bxa6 Rfc8 24. Nd2 Na5 25. Bf6 Rb2 26. Bxg7 Kxg7 27. Qf3 h5
28. Qf6+ Kh7 29. Ne4 hxg4 30. h5 Rh8 31. hxg6+ Kg8 32. Ng5 1-0

[Event "Chigorin Memorial"]
[Site "St Petersburg"]
[Date "2015.10.09"]
[Round "7.73"]
[White "Bekhovskiy, Mikhail"]
[Black "Tersinsev, Andrey"]
[Result "0-1"]
[WhiteElo "2264"]
[BlackElo "2023"]
[PlyCount "78"]
[EventDate "2015.10.03"]
[EventRounds "9"]
[EventCountry "RUS"]

1. e4 e5 2. Nf3 Nc6 3. d4 exd4 4. Nxd4 Bc5 5. Nxc6 Qf6 6. Qf3 Qxf3 7. gxf3 bxc6
8. Be3 Bxe3 9. fxe3 d6 10. c4 c5 11. Nc3 Bd7 12. Rg1 g6 13. O-O-O O-O-O 14. Bg2
Ne7 15. Rd2 f5 16. Re1 Rde8 17. Rf2 Rhf8 18. f4 Bc6 19. Kd2 Kd7 20. Bh3 Kd8 21.
exf5 Nxf5 22. Bxf5 gxf5 23. Rg1 Rg8 24. Rg5 Ref8 25. Ne2 h6 26. Rxg8 Rxg8 27.
Ng3 Be4 28. Kc3 a5 29. a3 Ke7 30. Rf1 h5 31. Rg1 Rg4 32. Kb3 h4 33. Ne2 Bd3 34.
h3 Bxe2 35. hxg4 fxg4 36. Kc3 h3 37. Kd2 Bf3 38. Ke1 h2 39. Rf1 Bg2 0-1

[Event "Chigorin Memorial"]
[Site "St Petersburg"]
[Date "2015.10.09"]
[Round "7.74"]
[White "Repkin, Alexander"]
[Black "Miroshnichenko, Pavel"]
[Result "1-0"]
[WhiteElo "2013"]
[BlackElo "2255"]
[PlyCount "85"]
[EventDate "2015.10.03"]
[EventRounds "9"]
[EventCountry "RUS"]

1. e4 e5 2. d3 Bc5 3. Nf3 d6 4. Be2 Nf6 5. O-O O-O 6. c3 Bb6 7. a4 c6 8. Nbd2
Re8 9. h3 Nbd7 10. Re1 d5 11. Qc2 Nf8 12. Nf1 Nh5 13. Be3 Ng6 14. Bxb6 axb6 15.
Ng3 Nhf4 16. Bf1 Qf6 17. Qd1 Bd7 18. d4 exd4 19. Nxd4 Nh4 20. Nde2 Nxh3+ 21.
gxh3 Nf3+ 22. Kh1 Nxe1 23. Qxe1 dxe4 24. Qd2 Be6 25. Nd4 Bd5 26. Qe3 c5 27. Nb5
Qe5 28. Na3 f5 29. Rd1 Kh8 30. Ne2 Rxa4 31. Nf4 Bc6 32. Nc4 Qc7 33. Nd6 Qd7 34.
Qg3 e3+ 35. Kg1 exf2+ 36. Kxf2 Rf8 37. b3 Ra2+ 38. Kg1 g5 39. Nh5 Qe6 40. Bc4
Qg6 41. Qe5+ Rf6 42. Nxf6 Kg7 43. Ng8+ 1-0

[Event "Chigorin Memorial"]
[Site "St Petersburg"]
[Date "2015.10.09"]
[Round "7.75"]
[White "Privorotsky, Oleg"]
[Black "Grigorjev, Iljya"]
[Result "0-1"]
[WhiteElo "1985"]
[BlackElo "2254"]
[PlyCount "144"]
[EventDate "2015.10.03"]
[EventRounds "9"]
[EventCountry "RUS"]

1. d4 Nf6 2. c4 g6 3. Nc3 d5 4. Nf3 Bg7 5. Bg5 Ne4 6. cxd5 Nxg5 7. Nxg5 e6 8.
Nf3 exd5 9. e3 O-O 10. Be2 c6 11. O-O Be6 12. Qd2 Nd7 13. b4 Qe7 14. b5 c5 15.
dxc5 Nxc5 16. Nd4 Rfd8 17. Rac1 Ne4 18. Qd3 Nd6 19. Bf3 Nf5 20. Nxd5 Rxd5 21.
Bxd5 Nxd4 22. Bxe6 Nxe6 23. Qe4 Rd8 24. Rfd1 Rxd1+ 25. Rxd1 h5 26. Qd5 b6 27.
h3 Bf8 28. Qd7 Qa3 29. Qe8 Qxa2 30. Rd7 Qa1+ 31. Kh2 Qf6 32. Kg1 Kg7 33. Rxa7
Bc5 34. Qc6 Ng5 35. h4 Ne6 36. g3 Qf5 37. Kg2 g5 38. Qf3 Qg6 39. hxg5 Nxg5 40.
Qd5 Qe4+ 41. Qxe4 Nxe4 42. Ra2 Kg6 43. Kf3 Kf5 44. Rb2 Nd6 45. Rb1 Nc4 46. Ke2
Kg4 47. Kd3 Nd6 48. Ke2 f6 49. Rb3 Kf5 50. Kd3 Ne4 51. Rb2 Ke5 52. Ra2 Bb4 53.
Rc2 Be1 54. Rc4 Nd6 55. Rh4 Bxf2 56. Rxh5+ Ke6 57. g4 Bg3 58. Kc3 Be5+ 59. Kb4
Ne4 60. Rh7 Bd6+ 61. Kc4 Bc5 62. Kd3 Nf2+ 63. Ke2 Nxg4 64. e4 Ne5 65. Rh1 Nc4
66. Rh8 Nd6 67. Kf3 Nxb5 68. Kf4 Bd6+ 69. Ke3 Be5 70. Rh1 Nc3 71. Kd3 Kd6 72.
Rh8 Nxe4 0-1